000 00850nam a22002657a 4500
001 BR8602854
003 BR-BrBNA
005 20230928092258.0
007 ta
008 230509b bl.||||| |||| 00| 0 por d
040 _aBR-BrBNA
_bpor
_cBiblioteca Nacional de Agricultura
041 _a(Por)
072 _aF01
_b0170
090 _ 0170 BR8602854
110 1 _aInstituto de Pesquisas Agronomicas, Porto Alegre, RS (Brasil)
_96134
111 1 _a14. Reuniao Tecnica Anual do Sorgo
_cPorto Alegre, RS (Brazil)
_d20-23 Aug 1985
245 1 _aAnais da 14. Reuniao Tecnica Anual do Sorgo
246 1 _a[Annals of the 14. Technical Yearly Meeting of Sorghum]
260 3 _aPorto Alegre, RS (Brasil):
_c1985.
300 _a189 p.
650 _aSORGO ACUCAREIRO
650 _aSORGO GRANIFERO
909 _a202309
_bLucia
_c55
_dLucia Elande
942 _cBK
999 _c38074
_d38074